Vista normal
Vista MARC
Entrada Materia (personas)
Número de registros utilizados en: 2
001 - CONTROL NUMBER
- control field: 36212
003 - CONTROL NUMBER IDENTIFIER
- control field: Co-BoUCM
005 - DATE AND TIME OF LATEST TRANSACTION
- control field: 20130422113817.0
008 - FIXED-LENGTH DATA ELEMENTS
- fixed length control field: 130422|| aca||aabn | a|a d
040 ## - CATALOGING SOURCE
- Original cataloging agency: Co-BoUCM
- Transcribing agency: Co-BoUCM
100 ## - HEADING--PERSONAL NAME
- Personal name: Labbé, Philippe
- Dates associated with a name: 1607-1667
670 ## - SOURCE DATA FOUND
- Source citation: Work cat.: (Co-BoUCM)0: Mansi, Giovanni Domenico 1692-1769 36211, Sanctorum Conciliorum et Decretorum collectio nova Tomus Primus A saeculo christiano usque ad annum MLXXIII, 1748